Alpine views : Alexandre Calame and the Swiss landscape (Record no. 366509)

MARC details
000 -LEADER
fixed length control field 01102nam a2200253Ia 4500
008 - FIXED-LENGTH DATA ELEMENTS--GENERAL INFORMATION
fixed length control field 191130s2006##################000#0#eng##
020 ## - INTERNATIONAL STANDARD BOOK NUMBER
ISBN 9780300121384
082 ## - DEWEY DECIMAL CLASSIFICATION NUMBER
Classification number 759.9494 AND
100 ## - MAIN ENTRY--AUTHOR NAME
Personal name Andrés, Alberto de
245 ## - TITLE STATEMENT
Title Alpine views : Alexandre Calame and the Swiss landscape
Statement of responsibility, etc Alberto de Andrés
260 ## - PUBLICATION, DISTRIBUTION, ETC. (IMPRINT)
Place of publication Williamstown, Mass. ; New Haven
Name of publisher Distributed by Yale University Press, Sterling and Francine Clark Art Institute
Year of publication c2006
300 ## - PHYSICAL DESCRIPTION
Number of Pages 88 p. : col. ill. ; 26 cm
500 ## - GENERAL NOTE
General note Published on the occasion of an exhibition held at the Sterling and Francine Clark Art Institute, Williamstown, Mass., Oct. 8-Dec. 31, 2006. Includes bibliographical references
650 ## - SUBJECT ADDED ENTRY--TOPICAL TERM
Topical Term Alps, Swiss (Switzerland) - In art - Exhibitions
Topical Term Calame, Alexandre, 1810-1864 - Exhibitions
Topical Term Landscape painting, Swiss - 19th century - Exhibitions
700 ## - ADDED ENTRY--PERSONAL NAME
Personal name Calame, Alexandre
710 ## - ADDED ENTRY--CORPORATE NAME
Corporate name or jurisdiction name as entry element Sterling and Francine Clark Art Institute
991 ## -
-- 427164
Holdings
Withdrawn status Lost status Damaged status Not for loan Home library Current library Shelving location Date acquired Full call number Accession Number Price effective from Koha item type
        Anna Centenary Library Anna Centenary Library 6TH FLOOR, B WING 17.10.2020 759.9494 AND 123039 17.10.2020 English Books

Find us on the map